000 00725nam a2200241 i 4500
005 20170323114639.0
008 140318s1998 cau||||| |||| 00| 0 eng d
040 _aCO-BoIAVH
_cCO-BoIAVH
041 _aeng
044 _axxu
082 0 4 _a621.3822
_bT64f
100 1 _aTohyama, Mikio
245 1 0 _aFundamentals of acoustic signal processing /
_cMikio Tohyama, Tsunehiko Koike.
260 _aSan Diego :
_bAcademic Press,
_c1998.
300 _a321 p.
650 2 4 _aElectroacústica
650 2 4 _aGeneradores de señal
650 2 4 _aProcesamiento de señales
650 1 4 _aAcústica
700 1 _aKoike, Tsunehiko,
_eautor.
942 _cINFORME
_2ddc
945 _d2005-12-23
999 _c5016
_d5016